| 000 | 00626nam a22002177a 4500 | ||
|---|---|---|---|
| 003 | OSt | ||
| 005 | 20160630143018.0 | ||
| 008 | 160630b xxu||||| |||| 00| 0 eng d | ||
| 020 | _a9781259253201 | ||
| 040 | _cDDC | ||
| 082 | _a621.381 SUN 2015 | ||
| 100 |
_aKang, Sung-Mo; Leblebici, Yusuf; Kim, Chulwoo _99790 |
||
| 245 | _aCMOS Digital Integrated Circuits: analsis & design | ||
| 250 | _a4th ed. | ||
| 260 | _aNew York; McGraw-Hill, 2003 | ||
| 300 | _axviii,714p; ill: 25cm | ||
| 504 | _aReferences, index, & Cp included | ||
| 650 |
_aDigital Circuits _99791 |
||
| 650 |
_aCMOS Circuits _99792 |
||
| 942 |
_2z _cO_SHELF |
||
| 999 |
_c4569 _d4569 |
||